000 00864nam a2200205Ii 4500
003 JO-AjNU
008 230605s9999||||xx |||||||||||||| ||und||
017 _a2010/10/4016
040 _aJO-AjNU
_bara
_erda
_cJO-AjNU
041 _aara
050 1 4 _aPJ7505.5.A83.D54 2010
100 3 _aمركز دراسات الوحدة الاسلامية؛ جمعية الدعوة الاسلامية العالمية,
_eauthor
_950217
245 0 0 _aناصر الدين الاسد الحضور الدائم
264 3 1 _aد.م: مركز دراسات الوحدة الاسلامية؛جمعية الدعوة الاسلامية العالمية
300 _a272ص
336 _atext
_btxt
_2rdacontent
337 _aunmediated
_bn
_2rdamedia
338 _avolume
_bnc
_2rdacarrier
650 4 _aناصر الدين الاسد-الحضور الدائم-وقائع ندوة
_950218
999 _aA22107
_c25675
_d25675